00282 a2200121 4500001000700000020001800007040003500025100003200060240002800092245002300120300000800143362000900151156785 a9788535920475 cEscola São Tomás de Aquino aANDRADE, Carlos Drummond de10aContos de aprendizlpor10aContos de aprendiz a1500 a2012